Daily report. Asia & Pacific. Index.

Bibliographic Details
New Title:Daily report. East Asia. Index (OCoLC) 17345486
Corporate Author: United States. Foreign Broadcast Information Service
Format: Serial
Language:English
Published: [Stamford, Conn.] : [NewsBank], [1979-1987]
Subjects:
Online Availability: Check for online availability

MARC

Tag First Indicator Second Indicator Subfields
LEADER 00000cas a2200000 a 4500
001 in00000083254
005 20151008061208.0
008 790912d19781987ctu i f0 engmd
010 |a  80647856  
022 0 |a 0272-3875 
035 |a (OCoLC)05366351 
035 |9 AAJ7523AM 
040 |a ASU  |c ASU  |d DLC  |d NSD  |d DLC  |d NST  |d NSD  |d NST  |d TXA  |d UtOrBLW 
042 |a lc  |a nsdp 
043 |a a-----  |a po------ 
049 |a [Docs] TXAE 
050 0 0 |a DS1  |b  U57a 
210 0 |a Dly. rep.: Asia Pac., Index 
222 0 |a Daily report: Asia & Pacific. Index 
245 0 0 |a Daily report.  |p Asia & Pacific.  |p Index. 
246 3 |a Daily report: Asia and Pacific. Index 
246 1 0 |a Asia & Pacific.  |p index 
264 1 |a [Stamford, Conn.] :  |b [NewsBank],  |c [1979-1987] 
264 4 |c [©1979-1987] 
300 |a 9 volumes ;  |c 28 cm. 
336 |a text  |b txt  |2 rdacontent 
337 |a unmediated  |b n  |2 rdamedia 
338 |a volume  |b nc  |2 rdacarrier 
362 0 |a Vol. 1, no. 1 (Dec. 1978-Feb. 1979)-v. 9, no. 6 (May 1987). 
651 0 |a Asia  |v Periodicals  |x Indexes. 
651 0 |a Pacific Area  |x Periodicals  |x Indexes. 
630 0 0 |a Daily Report: Asia & Pacific  |x Indexes  |x Periodicals. 
710 1 |a United States.  |b Foreign Broadcast Information Service. 
785 0 0 |t Daily report. East Asia. Index (OCoLC) 17345486 
850 |a CLSU  |a DLC  |a IU  |a MiU  |a TxU  |a ViW 
999 |a MARS 
999 f f |s deb8e49c-7d10-3096-bd97-b3559ce853f2  |i 93d3be91-a57d-3f79-8fbc-8b9ee7a6f4a7  |t 0 
952 f f |p 4_hour  |a Texas A&M University  |b College Station  |c Sterling C. Evans Library  |d Evans: Microforms Reference (3rd floor)  |t 0  |e DS1 U57a  |h Library of Congress classification  |i unmediated -- volume  |k v.1  |l 1978/1979  |m A14832629196 
952 f f |p 4_hour  |a Texas A&M University  |b College Station  |c Sterling C. Evans Library  |d Evans: Microforms Reference (3rd floor)  |t 0  |e DS1 U57a  |h Library of Congress classification  |i unmediated -- volume  |k v.2  |l 1979/1980  |m A14832629154 
998 f f |a DS1 U57a  |s v.1-2 (1978/1979-1979/1980)  |t 0  |l Evans: Microforms Reference (3rd floor)